|
|
|
|
| LEADER |
00000nam a22000007a 4500 |
| 005 |
20210908230914.0 |
| 007 |
cr|||| |||| |
| 008 |
210908s2011 ca |||||s|||| 00||0 eng d |
| 020 |
|
|
|a 9781552212165
|
| 035 |
|
|
|a 35386
|
| 040 |
|
|
|a vLex
|
| 090 |
|
|
|c 12346
|d 12346
|
| 100 |
1 |
|
|a Anand, Sanjeev
|
| 245 |
1 |
0 |
|a Children and the Law
|h [Recurso electrn̤ico] :
|b Essays in Honour of Professor Nicholas Bala /
|c Sanjeev Anand
|
| 256 |
|
|
|a Servicio en ln̕ea
|
| 260 |
|
|
|a Toronto:
|b Irwin Law Inc.,
|c 2011
|
| 300 |
|
|
|a 1 recurso electrn̤ico
|
| 500 |
|
|
|a This collection of essays addresses some of the most important and challenging issues related to the legal status of children, and the volume makes an important contribution to the growing but still small Canadian literature on children’s rights. These essays are being published together to honour the scholarship of Nicholas Bala, professor of law at Queen’s University whose contribution to our understanding of the law as it relates to children and youth in Canada is unequalled.
|
| 506 |
1 |
|
|a Disponible solo en los productos indicados
|d vLex Global
|d vLex Global (Academic Edition, excluding Law Schools)
|d vLex Global (U.S. Academic Edition, Law Schools)
|d vLex Global (U.S. Academic Edition, excluding Law Schools)
|d vLex Global (Academic Edition, Law Schools)
|
| 650 |
0 |
4 |
|a Derecho Civil
|z Canad̀
|
| 740 |
0 |
|
|a vLex Libros (Servicio en ln̕ea)
|
| 856 |
4 |
0 |
|u https://app.vlex.com/#/sources/35386
|z Acceso restringido
|
| 942 |
|
|
|c BOOK
|
| 999 |
0 |
|
|a Civil Law
|